[Event "2009 Canadian Open Chess Championship"]
[Site "Edmonton Canada"]
[Date "2009.07.14"]
[Round "4"]
[White "Moura, Eduardo"]
[Black "Zeggelaar, Mike"]
[Result "1-0"]
[WhiteElo "2237"]
[BlackElo "1810"]
[PlyCount "43"]
[EventDate "2009.07.11"]
[Source "MonRoi"]

1. e4 e6 2. d4 Nf6 3. Nd2 d6 4. e5 Nfd7 5. f4 c5 6. Ngf3 Nc6 7. Nb3 cxd4 8.
Nbxd4 Be7 9. c3 O-O 10. Bd3 Re8 11. O-O Nf8 12. Qe2 Bd7 13. Bd2 f6 14. Rae1
fxe5 15. fxe5 Qb6 16. Kh1 a5 17. Nxc6 bxc6 18. Nd4 c5 19. Qh5 g6 20. Qf3 g5 21.
Qf7+ Kh8 22. Rf6 1-0

[Event "2009 Canadian Open Chess Championship"]
[Site "Edmonton Canada"]
[Date "2009.07.14"]
[Round "4"]
[White "Gluckie, Jamin"]
[Black "Moran-venegas, Mario"]
[Result "1-0"]
[WhiteElo "2089"]
[BlackElo "1738"]
[PlyCount "53"]
[EventDate "2009.07.11"]
[Source "MonRoi"]

1. d4 Nf6 2. c4 g6 3. f3 d5 4. cxd5 Nxd5 5. e4 Nb6 6. Nc3 Bg7 7. Be3 O-O 8. Qd2
Nc6 9. O-O-O Na5 10. b3 Nc6 11. d5 Ne5 12. h3 a6 13. Bd4 f6 14. f4 Nf7 15. Nf3
e6 16. Bc5 Re8 17. Qf2 Nd7 18. dxe6 Rxe6 19. Bc4 Rc6 20. Bd5 Rxc5 21. Qxc5 Nxc5
22. Bxf7+ Kxf7 23. Rxd8 Nd7 24. Rd1 Ke7 25. R1xd7+ Bxd7 26. Rxa8 c6 27. Rb8 1-0

[Event "2009 Canadian Open Chess Championship"]
[Site "Edmonton Canada"]
[Date "2009.07.14"]
[Round "4"]
[White "Longo, Tyler"]
[Black "Einarsson, Ken"]
[Result "1-0"]
[WhiteElo "1992"]
[BlackElo "1734"]
[PlyCount "77"]
[EventDate "2009.07.11"]
[Source "MonRoi"]

1. d4 d5 2. Nf3 Nf6 3. e3 Bg4 4. Nbd2 Nc6 5. c4 e6 6. Qb3 Rb8 7. cxd5 Nxd5 8.
Bb5 Bxf3 9. Nxf3 Bb4+ 10. Bd2 Bxd2+ 11. Nxd2 Nde7 12. O-O O-O 13. Rac1 e5 14.
Nf3 exd4 15. Rfd1 a6 16. Nxd4 Nxd4 17. Rxd4 Qc8 18. Bd7 Qd8 19. Bg4 Qe8 20. Bd7
Qd8 21. Bh3 Qe8 22. Rxc7 Nc6 23. Rdd7 Nd8 24. Qd5 g6 25. a4 Kg7 26. Qd4+ Kg8
27. Re7 Qxe7 28. Rxe7 Nc6 29. Qf6 Nxe7 30. Qxe7 Rfe8 31. Qf6 Red8 32. g3 Rd2
33. Bg2 a5 34. Qe5 Rd1+ 35. Bf1 Rdd8 36. Bc4 b6 37. Qc7 Rf8 38. Bxf7+ Rxf7 39.
Qxb8+ 1-0

[Event "2009 Canadian Open Chess Championship"]
[Site "Edmonton Canada"]
[Date "2009.07.14"]
[Round "4"]
[White "Medvedev, Genadi"]
[Black "Ferreira, Alex"]
[Result "0-1"]
[WhiteElo "1702"]
[BlackElo "1987"]
[PlyCount "78"]
[EventDate "2009.07.11"]
[Source "MonRoi"]

1. e4 c5 2. Nc3 e6 3. Nf3 a6 4. d4 cxd4 5. Nxd4 Qc7 6. Bd3 Bb4 7. Bd2 Nc6 8.
Nxc6 bxc6 9. a3 Bc5 10. Qg4 Kf8 11. Na4 Be7 12. O-O d5 13. e5 Qxe5 14. Rfe1 Qc7
15. Bb4 c5 16. Bd2 Nf6 17. Qd1 Bd6 18. g3 h5 19. Bg5 h4 20. Bxh4 Rxh4 21. gxh4
Bxh2+ 22. Kh1 Qf4 23. Re3 Qxh4 24. Qf1 e5 25. Qg2 Bf4+ 26. Kg1 Bxe3 27. fxe3
Qxa4 28. Qh2 Qg4+ 29. Kf1 Qf3+ 30. Ke1 Qxe3+ 31. Be2 Bg4 32. Rd1 Bxe2 33. Qxe2
Qxe2+ 34. Kxe2 Ke7 35. Rg1 Ke6 36. Rxg7 Rg8 37. Rxg8 Nxg8 38. c3 d4 39. Kd3 f5
0-1

[Event "2009 Canadian Open Chess Championship"]
[Site "Edmonton Canada"]
[Date "2009.07.14"]
[Round "4"]
[White "McCleary, Reuben"]
[Black "Asquith, Tom"]
[Result "1-0"]
[WhiteElo "1508"]
[BlackElo "1753"]
[PlyCount "43"]
[EventDate "2009.07.11"]
[Source "MonRoi"]

1. e4 c6 2. d4 d5 3. e5 Bf5 4. g4 Bg6 5. h4 h6 6. e6 fxe6 7. Bd3 Bxd3 8. Qxd3
Qd6 9. Qg6+ Kd7 10. Nf3 Nf6 11. Ne5+ Kc7 12. Nf7 Qb4+ 13. c3 Qc4 14. Bf4+ Kb6
15. Nxh8 Ne4 16. Nd2 Nxd2 17. Kxd2 Nd7 18. Qxe6 Nf6 19. Rhe1 Qb5 20. Kc2 Ne4
21. f3 Nd6 22. Bxd6 1-0

[Event "2009 Canadian Open Chess Championship"]
[Site "Edmonton Canada"]
[Date "2009.07.14"]
[Round "4"]
[White "Smith, Maurice"]
[Black "Farine, Jonathan"]
[Result "1/2-1/2"]
[WhiteElo "1635"]
[BlackElo "1894"]
[PlyCount "67"]
[EventDate "2009.07.11"]
[Source "MonRoi"]

1. e4 e5 2. Nf3 Nc6 3. Bb5 Bc5 4. O-O Nf6 5. d3 d6 6. h3 a6 7. Bc4 b5 8. Bb3
Na5 9. Nbd2 O-O 10. Re1 Bb6 11. a3 Nxb3 12. Nxb3 Bb7 13. Be3 Bxe3 14. fxe3 Qe7
15. Nbd2 Kh8 16. Nf1 Nh5 17. Qe2 f5 18. Nxe5 dxe5 19. Qxh5 fxe4 20. dxe4 Bxe4
21. c3 Qf6 22. Qe2 Rad8 23. Rad1 Bd3 24. Rxd3 Rxd3 25. Ng3 Rfd8 26. Rf1 Qd6 27.
Ne4 Qd5 28. Ng5 Rd2 29. Qg4 Rd1 30. Nf7+ Qxf7 31. Rxd1 Rxd1+ 32. Qxd1 Qe8 33.
Qd5 c6 34. Qd6 1/2-1/2